Central Library OPAC University of Rajshahi

The Uses and Effectiveness of Vertical Cooperative Advertising / (Record no. 77047)

MARC details
000 -LEADER
fixed length control field 00869nam a2200229 a 4500
001 - CONTROL NUMBER
control field 77047
003 - CONTROL NUMBER IDENTIFIER
rucl marc code BD-RjUL
005 - DATE AND TIME OF LATEST TRANSACTION
control field 20211209082923.0
008 - FIXED-LENGTH DATA ELEMENTS--GENERAL INFORMATION
fixed length control field 200217r19841980us a|||||mb|| 00| 0 eng d
035 ## - SYSTEM CONTROL NUMBER
System control number (BD-RjUL)77271
040 ## - CATALOGING SOURCE
Original cataloging agency BD-RjUL
Language of cataloging eng
Transcribing agency BD-RjUL
Modifying agency BD-RjUL
041 ## - LANGUAGE CODE
Language code of text/sound track or separate title eng
082 ## - DEWEY DECIMAL CLASSIFICATION NUMBER
Edition number 23
Classification number 659.1
Author mark and year YOU 1984
100 1# - MAIN ENTRY--PERSONAL NAME
Personal name Young, Robert Freeman
9 (RLIN) 239526
245 10 - TITLE STATEMENT
Title The Uses and Effectiveness of Vertical Cooperative Advertising /
Statement of responsibility, etc. by Robert Freeman Young
260 ## - PUBLICATION, DISTRIBUTION, ETC. (IMPRINT)
Place of publication, distribution, etc. Michigan:
Name of publisher, distributor, etc. University Microfilms International,
Date of publication, distribution, etc. 1980 [Printed 1984]
300 ## - PHYSICAL DESCRIPTION
Pagination Various leaves :
Illustrations Ill. ;
Size 20 cm.
500 ## - GENERAL NOTE
General note "Originally Presented as the author's Thesis" Thesis (Ph. D.) -- Business Administration, Harvard University, 1980
650 ## - SUBJECT ADDED ENTRY--TOPICAL TERM
Topical term or geographic name as entry element Advertising. Cooperative advertising.
9 (RLIN) 239527
Topical term or geographic name as entry element Cooperative advertising.
9 (RLIN) 239528
942 ## - ADDED ENTRY ELEMENTS (KOHA)
Source of classification or shelving scheme Dewey Decimal Classification
Koha item type Rare Books
Holdings
Lost status Source of classification or shelving scheme Damaged status Not for loan Collection code Permanent Location Current Location Shelving location Date acquired Source of acquisition Cost, normal purchase price Total Checkouts Full call number Date last seen Copy number Koha item type
  Dewey Decimal Classification   Not For Loan Rare Books Central Library, University of Rajshahi Central Library, University of Rajshahi Rare Book Section 13/02/1985 Tulip 40.65   RA 659.1 YOU 1984 17/02/2020 C-1 Rare Books